Mittheilungen des Mährischen Gewerbemuseums in Brünn

Nový název: Mitteilungen der Erzherzog-Rainer-Museums für Kunst und Gewerbe
Korporativní autor: Uměleckoprůmyslové muzeum (Brno, Česko)
Jazyk: Němčina
Vydáno: Brünn : W. Burkart, 1883-1907
Fyzický popis: ^^^sv. ; 28 cm
Odebírané ročníky: 1883-1907
Odebírané svazky: Jg. 1-25
Noviny a časopisy
Uloženo v:
LEADER 03525nas a22004812a 4500
001 000217913
003 CZ BrMZK
005 20061025084717.0
007 ta
008 010907d18831907xr r p 0 a0gerod
040 |a BOA001  |b cze 
245 0 0 |a Mittheilungen des Mährischen Gewerbemuseums in Brünn 
246 3 3 |a Mittheilungen des Maehrischen Gewerbe-Museums 
246 3 3 |a Mitteilungen des Maehrischen Gewerbe-Museums 
246 3 3 |a Mitteilungen des Mährischen Gewerbe-Museums in Brünn 
246 3 3 |a Mittheillungen des Mährischen Gewerbe-Museums in Brünn 
260 |a Brünn :  |b W. Burkart,  |c 1883-1907 
300 |a ^^^sv. ;  |c 28 cm 
310 |a 1x měsíčně 
321 |a 1x týdně  |b Do Jg. 22 (1904) 
362 1 |a Jg. 1, Nr. (1883) - Jg. 25, Nr. 12 (1907) 
500 |a Nevýznamná změna názvu od Jg. 9, Nr. 1 (1891): Mittheilungen des Mährischen Gewerbe-Museums in Brünn. - Podnázev od Jg. 19, Nr. 10 (1901): Zeitschrift des Verbandes Oesterreischischer Kunstgewerbemuseen 
500 |a Vydav. od Jg. 23 (1905): Verlag des Maehrischen Gewerbemuseums 
500 |a Výška 40 cm do Jg. 8 (1890) 
500 |a Jg. 9 (1891) - Jg. 11, Nr. [4?] (1893) vycházel jako příl. k: Mährisches Gewerbeblatt, Jg. 11, Nr. [5?] (1893) - Jg. 12 (1894) jako příl. k: Das Kleingewerbe 
710 2 |a Uměleckoprůmyslové muzeum (Brno, Česko)  |7 kn20030313013 
772 0 |t Mährisch-schlesischer Korrespondent 
785 0 0 |t Mitteilungen der Erzherzog-Rainer-Museums für Kunst und Gewerbe 
910 |a BOA001  |b Nov.-0013.318  |r 1883-1907  |s Jg. 1-25 
952 |a e-xr- 
990 |a SE 
996 6 |b 2619232054  |c Nov.-0013.318  |d 1883-85 1-3  |v 1-3  |y 1883,1884,1885  |l Stud. periodik/2.patro  |r Sklad / do 1 hodiny  |n 15  |w 000217913  |u 000120  |a 1  |e BOA001  |j MZK50  |s P 
996 6 |b 2619301299  |c Nov.-0013.318  |d 1893-94 11-12  |v 11-12  |y 1893-1894  |l Stud. periodik/2.patro  |r Sklad / do 1 hodiny  |n 17  |w 000217913  |u 000110  |a 1  |e BOA001  |j MZK50  |s P 
996 6 |b 2619735670  |c Nov.-0013.318  |d 1886-90 6  |v 6  |y 1886-1890  |l Stud. periodik/2.patro  |r Sklad / do 1 hodiny  |n 22  |w 000217913  |u 000100  |a 1  |e BOA001  |j MZK50  |s P 
996 6 |b 2619820841  |c Nov.-0013.318  |d 1907-08 25-26  |v 25-26  |y 1907-1908  |l Stud. periodik/2.patro  |r Sklad / do 1 hodiny  |n 19  |w 000217913  |u 000090  |a 1  |e BOA001  |j MZK50  |s P 
996 6 |b 2619830122  |c Nov.-0013.318  |d 1897-98 15-16  |v 15-16  |y 1897-1898  |l Stud. periodik/2.patro  |r Sklad / do 1 hodiny  |n 16  |w 000217913  |u 000030  |a 1  |e BOA001  |j MZK50  |s P 
996 6 |b 2619843065  |c Nov.-0013.318  |d 1903-04 21-22  |v 21-22  |y 1903-1904  |l Stud. periodik/2.patro  |r Sklad / do 1 hodiny  |n 14  |w 000217913  |u 000070  |a 1  |e BOA001  |j MZK50  |s P 
996 6 |b 2619846478  |c Nov.-0013.318  |d 1895-96 13-14  |v 13-14  |y 1895-1896  |l Stud. periodik/2.patro  |r Sklad / do 1 hodiny  |n 11  |w 000217913  |u 000020  |a 1  |e BOA001  |j MZK50  |s P 
996 6 |b 2619846912  |c Nov.-0013.318  |d 1901-02 19-20  |v 19-20  |y 1901-1902  |l Stud. periodik/2.patro  |r Sklad / do 1 hodiny  |n 12  |w 000217913  |u 000060  |a 1  |e BOA001  |j MZK50  |s P 
996 6 |b 2619846913  |c Nov.-0013.318  |d 1891-92 9  |v 9  |y 1891-1892  |l Stud. periodik/2.patro  |r Sklad / do 1 hodiny  |n 10  |w 000217913  |u 000010  |a 1  |e BOA001  |j MZK50  |s P 
996 6 |b 2619863679  |c Nov.-0013.318  |d 1905-06 23-24  |v 23-24  |y 1905-1906  |l Stud. periodik/2.patro  |r Sklad / do 1 hodiny  |n 19  |w 000217913  |u 000080  |a 1  |e BOA001  |j MZK50  |s P 
996 6 |b 2619919612  |c Nov.-0013.318  |d 1900 18  |v 18  |y 1900  |l Stud. periodik/2.patro  |r Sklad / do 1 hodiny  |n 8  |w 000217913  |u 000050  |a 1  |e BOA001  |j MZK50  |s P 
996 6 |b 2619926648  |c Nov.-0013.318  |d 1899-00 17-18  |v 17-18  |y 1899-1900  |l Stud. periodik/2.patro  |r Sklad / do 1 hodiny  |n 24  |w 000217913  |u 000040  |a 1  |e BOA001  |j MZK50  |s P